| 000 | 01716nam a2200289 a 4500 | ||
|---|---|---|---|
| 001 | ASIN0743260457 | ||
| 005 | 20170105102910.0 | ||
| 008 | 131025s2004 xxu eng d | ||
| 020 |
_a0743260457 (paperback) _c$14.00 |
||
| 020 | _a9780743260459 (paperback) | ||
| 040 | _a0 | ||
| 050 | 0 | 4 | _aHV6432 |
| 082 | 0 | 4 | _a363.320973 |
| 100 | 1 | _aClarke, Richard A. | |
| 245 | 1 | 0 |
_aAgainst all enemies : _binside america's war on terror / _cRichard A. Clarke. |
| 250 | _a1St Edition. | ||
| 260 |
_a[S.l.] : _bFree Press, _c2004. |
||
| 300 |
_a352 p. ; _c22 cm. |
||
| 520 | _aTHE EXPLOSIVE INTERNATIONAL BESTSELLER With all-new excerpts from Richard Clarke's dramatic public testimony, and revealing corroboration from The 9/11 Commission Report From the 9/11 Commission Report: "On the day of the meeting [September 4, 2001], Clarke sent Rice an impassioned personal note. He criticized U.S. counterterrorism efforts past and present. The 'real question' before the principals, he wrote, was 'are we serious about dealing with the al Qida threat?...Is al Qida a big deal?... Decision makers should imagine themselves on a future day when the CSG has not succeeded in stopping al Qida attacks and hundreds of Americans lay dead in several countries, including the US,' Clarke wrote. 'What would those decision makers wish that they had done earlier? That future day could happen at any time.'" | ||
| 650 | 0 | _aQaida (Organization) | |
| 650 | 0 | _aSeptember 11 Terrorist Attacks (2001) | |
| 650 | 0 | _aTerrorism--Government policy | |
| 650 | 0 | _aUnited States | |
| 650 | 0 | _aWar on Terrorism (2001-2009) | |
| 856 | 4 | 0 |
_3Amazon.com _uhttp://www.amazon.com/exec/obidos/ASIN/0743260457/chopaconline-20 |
| 942 |
_2ddc _cBK |
||
| 999 |
_c15050 _d15050 |
||